Cell Ultrastructure - Organelles - Statistics

General Stats
  • This quiz has been taken 11 times
  • The average score is 6 of 11
Answer Stats
Answer % Correct
nucleus
100%
endoplasmic reticulum
70%
ribosomes
70%
cell wall
60%
chloroplast
60%
Golgi apparatus
60%
lysosome
60%
centrioles
50%
vacuole
50%
mitochondrion
40%
cell surface membrane
20%
No matching quizzes found
Score Distribution
Percent of People with Each Score
Percentile by Number Answered
Your Score History
You have not taken this quiz